Statistiques concernant États du Mexique

Cliquez ici pour prendre le quiz!

Statistiques générales

  • Ce quiz a été pris 5 460 fois
  • Le résultat moyen est 12 sur 31

Réponses sur la Carte

Les réponses sont colorées sur une échelle allant du rouge au vert en fonction du pourcentage des utilisateurs qui les ont devinées à leur premier essai. Vous pouvez retrouver ces pourcentages ci-dessous.
 

Statistiques - réponses

État% Correct
Mexico
90%
Basse-Californie
73%
Yucatán
70%
Chihuahua
64%
Basse-Californie du Sud
51%
Chiapas
46%
Sinaloa
46%
Veracruz
44%
Oaxaca
41%
Tabasco
41%
Jalisco
39%
Puebla
38%
Quintana Roo
38%
Sonora
38%
Nuevo León
36%
Campeche
35%
Guerrero
35%
Hidalgo
34%
Aguascalientes
33%
Durango
33%
San Luis Potosí
31%
Michoacán
30%
Coahuila
29%
Tamaulipas
29%
Zacatecas
29%
Colima
28%
Nayarit
28%
Querétaro
28%
Morelos
27%
Guanajuato
26%
Tlaxcala
26%

Distribution des résultats

Percentile par nombre de réponses

% des personnes avec chaque résultat

Votre développement - résultats

Vous n’avez pas pris ce quiz